Anarchy: John Cage

保存先:
書誌詳細
フォーマット: 図書
言語:英語
出版事項: Middletown Wesleyan University 2000
版:1a. ed
主題:
タグ: タグ追加
タグなし, このレコードへの初めてのタグを付けませんか!

MARC

LEADER 00000nam a2200000 a 4500
001 UCK2359
003 CL-VaPUC
005 20240905095039.0
008 050106e20000000US |||||||||||||||||eng|d
999 |c 311917  |d 311915 
020 |a 0819564664 
040 |c Pontificia Universidad Católica de Valparaíso 
082 0 4 |a 811.54 CAG 2000 
245 1 0 |a Anarchy: John Cage 
250 |a 1a. ed 
260 |a Middletown  |b Wesleyan University  |c 2000 
300 |a 81 p 
500 |a That government is best which governs not at all; and when men are prepared for it, that will be the kind of government which they will have. This quote from Henry David Thoreau's Essay on Civil Disobedience is one of thirty quotations from which John Cage created Anarchy, a book-length lecture comprising twenty mesostic poems. Composed with the aid of a computer program to simulate the coin toss of the I Ching, Anarchy draws on the writings of many serious anarchists including Emma Goldman, Peter Kropotkin, and Mario Malatesta, not so much making arguments for anarchism as "brushing information against information," giving the very words new combinations that de-familiarize and re-energize them. Now widely available of the first time, Anarchy marks the culmination of Cage's work as a poet, composer and as a thinker about contemporary society 
583 |a last modification  |c 20050106 00:00:00  |k Rodrigo Vera 
600 0 |a Cage, John  |9 457429 
650 0 |a Compositores estadounidenses  |2 CL-VaPUC  |9 417720 
650 0 |a Literatura estadounidense  |9 317168 
942 |c BK  |2 ddc 
945 |d 20050106 00:00:00  |a vberengu 
952 |0 0  |1 0  |2 ddc  |4 0  |6 811_540000000000000_CAG_2000  |7 0  |8 A  |9 381645  |a BIBEDU  |b BIBEDU  |d 2019-11-21  |i 4086635  |o 811.54 CAG 2000  |p 4086635  |r 2023-01-12  |w 2019-11-21  |y BK  |k MUS